00441 a2200169 450000500170000001000170001702000260003403500170006003700180007708200080009510000170010324500640012026000370018427000070022130000200022870000230024820240704173142.0 aB-759676-688 a9781789892192c399.00 aB-759676-688 bSunnvik books a000 aKelly, Miles aCurious Questions & Answers About Coral Reefs/cmiles Kelly aUKbMiles Kelly Publishingc2022 aUK a31 p.c28cm(Hb) aDickens's, Charles